[Event "BL 8889 Solingen-Lasker"]
[Site "?"]
[Date "1988.??.??"]
[Round "?.8"]
[White "Borngaesser, R."]
[Black "Geisler, R."]
[Result "0-1"]
[WhiteElo "2375"]
[BlackElo "2245"]
[PlyCount "58"]
[EventDate "1988.??.??"]

1. e4 c5 2. Nf3 d6 3. d4 cxd4 4. Nxd4 Nf6 5. Nc3 g6 6. Be2 Bg7 7. O-O O-O 8.
Be3 Nc6 9. Nb3 Be6 10. f4 Rc8 11. Bf3 Bc4 12. Rf2 b5 13. Rd2 b4 14. Nd5 Nxd5
15. exd5 Na5 16. Nd4 Ba6 17. b3 Qc7 18. a3 bxa3 19. Rxa3 Qc3 20. Bf2 Nc4 21.
Rd3 Nxa3 22. Rxc3 Rxc3 23. Qa1 Nb5 24. Qxa6 Nxd4 25. Qxa7 Nxf3+ 26. gxf3 Rxc2
27. b4 Rfc8 28. b5 Rb2 29. b6 Bd4 0-1

[Event "BL 8889 Bielefeld-Kreuzberg"]
[Site "?"]
[Date "1988.??.??"]
[Round "?.1"]
[White "Conquest, S."]
[Black "Keitlinghaus, L."]
[Result "1-0"]
[WhiteElo "2490"]
[BlackElo "2410"]
[PlyCount "65"]
[EventDate "1988.??.??"]

1. d4 e6 2. c4 Bb4+ 3. Bd2 a5 4. e3 Nf6 5. Bd3 O-O 6. Ne2 Nc6 7. O-O e5 8. d5
e4 9. Bc2 Ne5 10. Bxb4 axb4 11. Nd2 d6 12. Ng3 Bg4 13. Qb1 h5 14. h3 h4 15.
Ngxe4 Be2 16. Re1 Nxe4 17. Bxe4 Bh5 18. f4 Nd7 19. Bf3 Bg6 20. Be4 Bh5 21. Nb3
Qe7 22. Qc2 Ra4 23. Bh7+ Kh8 24. Bf5 Rfa8 25. Qf2 Nb6 26. Rac1 Rxa2 27. Bb1
R2a4 28. e4 Qf6 29. c5 Nd7 30. c6 bxc6 31. Rxc6 R8a7 32. e5 Qd8 33. exd6 1-0

[Event "BL 8889 Bielefeld-Kreuzberg"]
[Site "?"]
[Date "1988.??.??"]
[Round "?.2"]
[White "Marjanovic, S."]
[Black "Levitt, J."]
[Result "1/2-1/2"]
[WhiteElo "2485"]
[BlackElo "2485"]
[PlyCount "34"]
[EventDate "1988.??.??"]

1. e4 e6 2. d4 d5 3. Nc3 Bb4 4. e5 c5 5. Bd2 Ne7 6. Nb5 Bxd2+ 7. Qxd2 O-O 8. c3
Nbc6 9. f4 a6 10. Nd6 cxd4 11. cxd4 f6 12. O-O-O Qc7 13. Kb1 Bd7 14. g3 f5 15.
Nf3 Nc8 16. Nxc8 Raxc8 17. Rc1 Qb6 1/2-1/2

[Event "BL 8889 Bielefeld-Kreuzberg"]
[Site "?"]
[Date "1988.??.??"]
[Round "?.4"]
[White "Baumhus, R."]
[Black "Glienke, M."]
[Result "1-0"]
[WhiteElo "2335"]
[BlackElo "2295"]
[PlyCount "65"]
[EventDate "1988.??.??"]

1. e4 c5 2. Nc3 Nc6 3. g3 g6 4. Bg2 Bg7 5. d3 d6 6. Nge2 Nf6 7. h3 Bd7 8. Be3
e5 9. g4 h5 10. g5 Nh7 11. h4 Nd4 12. f3 Nf8 13. Nd5 Nxe2 14. Qxe2 Ne6 15. c3
O-O 16. O-O Bc6 17. Qd2 Rb8 18. Bh3 Bxd5 19. exd5 Nc7 20. c4 b5 21. b3 Rb7 22.
Rae1 bxc4 23. dxc4 Re8 24. f4 exf4 25. Bxf4 Rxe1 26. Rxe1 Bf8 27. Qe2 a5 28.
Bd2 a4 29. bxa4 Rb2 30. Qd3 Rxa2 31. Bc3 Rxa4 32. Be6 Ne8 33. Qxg6+ 1-0

[Event "BL 8889 Bielefeld-Kreuzberg"]
[Site "?"]
[Date "1988.??.??"]
[Round "?.5"]
[White "Lehmann, K."]
[Black "Gruen, G."]
[Result "0-1"]
[WhiteElo "2325"]
[BlackElo "2380"]
[PlyCount "84"]
[EventDate "1988.??.??"]

1. e4 e5 2. Nf3 Nc6 3. Bb5 Nf6 4. O-O Bc5 5. Nxe5 Nxe5 6. d4 a6 7. Be2 Nxe4 8.
dxe5 Qh4 9. Qe1 O-O 10. Nd2 Nxd2 11. Bxd2 Re8 12. Kh1 Rxe5 13. f4 Qxe1 14.
Raxe1 Re8 15. Bd3 Rxe1 16. Rxe1 Kf8 17. Bxh7 g6 18. b4 Bf2 19. Re2 Bh4 20. Bc3
d5 21. h3 Bf5 22. g4 Be4+ 23. Kh2 Ke7 24. g5 Ke6 25. Bf6 Kf5 26. Rd2 b5 27. Rd1
a5 28. bxa5 Rxa5 29. Ra1 Bxc2 30. Bg8 Ke6 31. a3 Bd3 32. Rc1 Bc4 33. Rc3 Bf2
34. f5+ gxf5 35. Bd8 Ra8 36. g6 Rxd8 37. gxf7 Rf8 38. Kg2 Bc5 39. Rg3 Bd6 40.
Rg6+ Ke7 41. Rg7 d4 42. Bh7 Rxf7 0-1

[Event "BL 8889 Bielefeld-Kreuzberg"]
[Site "?"]
[Date "1988.??.??"]
[Round "?.6"]
[White "Peist, J."]
[Black "Federau, J."]
[Result "0-1"]
[WhiteElo "2350"]
[BlackElo "2300"]
[PlyCount "126"]
[EventDate "1988.??.??"]

1. d4 Nf6 2. Nf3 d5 3. c4 e6 4. Nc3 Be7 5. Bg5 O-O 6. e3 Nbd7 7. Rc1 c6 8. Bd3
h6 9. Bxf6 Nxf6 10. c5 b6 11. Ne5 bxc5 12. Nxc6 Qd6 13. Nxe7+ Qxe7 14. dxc5
Qxc5 15. O-O Qb4 16. Qe2 Rb8 17. b3 e5 18. e4 d4 19. Na4 Bd7 20. Nb2 Bb5 21.
Nc4 Qe7 22. f4 Bxc4 23. Rxc4 Rfe8 24. fxe5 Qxe5 25. Rf5 Qxf5 26. exf5 Rxe2 27.
Bxe2 Rd8 28. Kf1 Nd5 29. Ra4 d3 30. Bf3 d2 31. Rxa7 Ne3+ 32. Kf2 d1=Q 33. Bxd1
Nxd1+ 34. Ke2 Nc3+ 35. Ke3 Nd5+ 36. Ke2 Nf4+ 37. Kf3 Nd3 38. Rb7 Nc1 39. Ra7
Rd2 40. b4 Nxa2 41. b5 Rb2 42. b6 Nc3 43. b7 Kh7 44. g4 Rb6 45. h4 f6 46. g5
hxg5 47. hxg5 fxg5 48. f6 Rxf6+ 49. Ke3 Rb6 50. Kd4 Ne2+ 51. Kc5 Rb2 52. Ra2
Rxb7 53. Rxe2 Rd7 54. Rg2 Kg6 55. Rg1 Rd2 56. Kc4 Kf5 57. Kc3 Rd7 58. Rf1+ Kg4
59. Rg1+ Kh5 60. Rh1+ Kg6 61. Rg1 Rd6 62. Kc2 Rd5 63. Kc3 Kf5 0-1

[Event "BL 8889 Bielefeld-Kreuzberg"]
[Site "?"]
[Date "1988.??.??"]
[Round "?.7"]
[White "Tyrtania, M."]
[Black "Beilfuss, W."]
[Result "1/2-1/2"]
[WhiteElo "2300"]
[BlackElo "2255"]
[PlyCount "41"]
[EventDate "1988.??.??"]

1. d4 Nf6 2. c4 e6 3. Nc3 Bb4 4. e3 O-O 5. Nge2 d5 6. a3 Be7 7. cxd5 Nxd5 8. e4
Nxc3 9. Nxc3 Nd7 10. Be2 c5 11. Be3 cxd4 12. Bxd4 Bf6 13. O-O Bxd4 14. Qxd4 Nb6
15. Qe3 Bd7 16. Rfd1 Qe7 17. a4 Bc6 18. a5 Nd7 19. Nb5 Bxb5 20. Bxb5 Nf6 21.
Ra4 1/2-1/2

[Event "BL 8889 Lasker-Bielefeld"]
[Site "?"]
[Date "1988.??.??"]
[Round "?.1"]
[White "Keitlinghaus, L."]
[Black "Brunner, L."]
[Result "1/2-1/2"]
[WhiteElo "2410"]
[BlackElo "2425"]
[PlyCount "60"]
[EventDate "1988.??.??"]

1. e4 Nf6 2. e5 Nd5 3. d4 d6 4. Nf3 g6 5. Bc4 Nb6 6. Bb3 Bg7 7. Ng5 e6 8. f4
dxe5 9. dxe5 Qxd1+ 10. Kxd1 Bd7 11. Nc3 Nc6 12. Be3 Na5 13. Ke2 Nxb3 14. axb3
O-O 15. Rhd1 Bc6 16. g3 a6 17. Rd2 Rad8 18. Rad1 Rxd2+ 19. Rxd2 Nd5 20. Nxd5
exd5 21. c4 dxc4 22. bxc4 Re8 23. Kf2 f6 24. exf6 Bxf6 25. Nf3 Rd8 26. Rxd8+
Bxd8 27. Bd4 a5 28. Ke3 b5 29. Ne5 Be8 30. cxb5 Bxb5 1/2-1/2

[Event "BL 8889 Lasker-Bielefeld"]
[Site "?"]
[Date "1988.??.??"]
[Round "?.2"]
[White "Fries Nielsen, J."]
[Black "Marjanovic, S."]
[Result "0-1"]
[WhiteElo "2385"]
[BlackElo "2485"]
[PlyCount "64"]
[EventDate "1988.??.??"]

1. Nf3 Nf6 2. g3 b6 3. Bg2 Bb7 4. O-O e6 5. c4 Be7 6. b3 O-O 7. Bb2 d5 8. e3 c5
9. Qe2 Nc6 10. d3 dxc4 11. bxc4 Qc7 12. Nc3 a6 13. Rab1 Rab8 14. Rfd1 Na7 15.
Rdc1 b5 16. cxb5 axb5 17. a3 Rfc8 18. Ra1 Nd7 19. d4 Qa5 20. Qd1 Nb6 21. dxc5
Nc4 22. Qb3 Rxc5 23. Nd4 Bxg2 24. Kxg2 Rbc8 25. Nce2 Nc6 26. Bc3 Nxd4 27. exd4
Qa8+ 28. Kg1 Rf5 29. Be1 Bg5 30. Rc2 Qe4 31. a4 Ra8 32. Rb1 Ne3 0-1

[Event "BL 8889 Lasker-Bielefeld"]
[Site "?"]
[Date "1988.??.??"]
[Round "?.3"]
[White "Pieper Emden, C."]
[Black "Muse, M."]
[Result "1-0"]
[WhiteElo "2345"]
[BlackElo "2380"]
[PlyCount "117"]
[EventDate "1988.??.??"]

1. c4 Nf6 2. Nc3 c6 3. d4 d5 4. cxd5 cxd5 5. Nf3 Nc6 6. Bf4 Bf5 7. e3 e6 8. Ne5
Nxe5 9. Bxe5 Nd7 10. Bg3 a6 11. Bd3 Bxd3 12. Qxd3 b5 13. O-O Be7 14. a4 b4 15.
Ne2 Nf6 16. Rfc1 Ne4 17. Rc6 Nxg3 18. hxg3 a5 19. Rac1 O-O 20. Nf4 Bd6 21. Qc2
Qd7 22. Nd3 Rfb8 23. b3 f6 24. Nf4 Ra7 25. Qe2 Re8 26. Qh5 Bxf4 27. gxf4 Qf7
28. Qxf7+ Kxf7 29. Rc7+ Rxc7 30. Rxc7+ Re7 31. Rc5 Ra7 32. f5 Ke7 33. f3 Kd6
34. fxe6 Kxe6 35. Kf2 Kd6 36. e4 dxe4 37. fxe4 Rc7 38. Rxa5 Rc3 39. Ra7 g5 40.
Rxh7 Rxb3 41. Rb7 Rb1 42. a5 Ra1 43. Rxb4 Rxa5 44. Kf3 f5 45. exf5 Rxf5+ 46.
Kg4 Rf2 47. g3 Rg2 48. Rb3 Rd2 49. Kxg5 Rxd4 50. Re3 Rd5+ 51. Kh4 Rf5 52. g4
Rf8 53. g5 Rh8+ 54. Kg4 Kd7 55. g6 Kd8 56. Kg5 Rh1 57. Re5 Kd7 58. g7 Rg1+ 59.
Kf6 1-0

[Event "BL 8889 Lasker-Bielefeld"]
[Site "?"]
[Date "1988.??.??"]
[Round "?.4"]
[White "Junge, R."]
[Black "Baumhus, R."]
[Result "1-0"]
[WhiteElo "2370"]
[BlackElo "2335"]
[PlyCount "69"]
[EventDate "1988.??.??"]

1. e4 d6 2. d4 Nf6 3. Nc3 g6 4. Be2 Bg7 5. Nf3 O-O 6. O-O Nc6 7. d5 Nb4 8. Be3
e6 9. a3 Na6 10. Nd2 exd5 11. exd5 Nc5 12. Bf3 a5 13. Bd4 a4 14. Re1 b6 15. Nc4
Bd7 16. b4 axb3 17. cxb3 b5 18. b4 Nb7 19. Ne3 Qb8 20. Qd3 Nd8 21. h3 Re8 22.
Bg4 Nxg4 23. Nxg4 Rxe1+ 24. Rxe1 Bxg4 25. Re8+ Bf8 26. hxg4 c5 27. dxc6 Rxa3
28. Qg3 Qc7 29. Qf4 Ne6 30. Qf6 Nxd4 31. Qxd4 Ra1+ 32. Kh2 d5+ 33. g3 Qxc6 34.
Nxd5 Rd1 35. Ne7# 1-0

[Event "BL 8889 Lasker-Bielefeld"]
[Site "?"]
[Date "1988.??.??"]
[Round "?.5"]
[White "Gruen, G."]
[Black "Simon, R."]
[Result "0-1"]
[WhiteElo "2380"]
[BlackElo "2285"]
[PlyCount "87"]
[EventDate "1988.??.??"]

1. d4 d5 2. c4 e6 3. Nf3 Nf6 4. g3 Bb4+ 5. Bd2 Be7 6. Bg2 O-O 7. O-O c6 8. Qc2
b6 9. Bf4 Ba6 10. cxd5 Nxd5 11. Nc3 Nd7 12. Qa4 Nxf4 13. gxf4 Bb7 14. Rfd1 Qc7
15. e3 Rad8 16. Rac1 Qb8 17. b4 Qa8 18. Ne1 Rfe8 19. Qb3 Nf8 20. b5 c5 21. d5
Bd6 22. Rc2 exd5 23. Nxd5 Ng6 24. Rcd2 Qc8 25. Nf6+ gxf6 26. Bxb7 Qxb7 27. Rxd6
Rxd6 28. Rxd6 Nxf4 29. Rxf6 Ne2+ 30. Kf1 Nd4 31. Qxf7+ Qxf7 32. Rxf7 Kxf7 33.
exd4 cxd4 34. Nd3 Kf6 35. Nb4 Kf5 36. f3 Re3 37. Kf2 Ra3 38. Ke2 Ra4 39. Nc6
Ke6 40. Kd3 Kd5 41. Ne7+ Kc5 42. Nc6 Ra3+ 43. Ke4 Rxa2 44. f4 0-1

[Event "BL 8889 Lasker-Bielefeld"]
[Site "?"]
[Date "1988.??.??"]
[Round "?.6"]
[White "Breutigam, M."]
[Black "Peist, J."]
[Result "1-0"]
[WhiteElo "2300"]
[BlackElo "2350"]
[PlyCount "65"]
[EventDate "1988.??.??"]

1. d4 Nf6 2. c4 e6 3. Nc3 Bb4 4. e3 b6 5. Nge2 Bb7 6. a3 Be7 7. d5 O-O 8. Ng3
d6 9. Bd3 c6 10. e4 Nbd7 11. O-O Ne5 12. Be2 cxd5 13. cxd5 exd5 14. exd5 Qc8
15. Re1 Rd8 16. h3 h6 17. Be3 Ba6 18. Bxa6 Qxa6 19. Bd4 Bf8 20. Bxe5 dxe5 21.
Rxe5 Qb7 22. Nge4 Nxe4 23. Rxe4 g6 24. Qe2 Rac8 25. Rd1 a6 26. Qf3 b5 27. Red4
Bg7 28. R4d3 Bxc3 29. bxc3 Rd7 30. Qf4 h5 31. d6 Rc4 32. Qf6 Qe4 33. Re3 1-0

[Event "BL 8889 Lasker-Bielefeld"]
[Site "?"]
[Date "1988.??.??"]
[Round "?.7"]
[White "Beilfuss, W."]
[Black "Busch, K."]
[Result "1/2-1/2"]
[WhiteElo "2255"]
[BlackElo "2340"]
[PlyCount "45"]
[EventDate "1988.??.??"]

1. d4 Nf6 2. c4 e6 3. Nf3 Bb4+ 4. Bd2 c5 5. Bxb4 cxb4 6. g3 O-O 7. Bg2 d6 8.
O-O Re8 9. e3 a5 10. a3 Nc6 11. Nbd2 Qe7 12. Ne1 e5 13. Nc2 Bf5 14. axb4 Bd3
15. bxa5 Bxf1 16. Nxf1 d5 17. dxe5 Qxe5 18. Nd4 Rad8 19. Nd2 Ne4 20. N2f3 Qe7
21. cxd5 Nb4 22. Qb3 Nxd5 23. Nf5 {.../30/} 1/2-1/2

[Event "BL 8889 Lasker-Bielefeld"]
[Site "?"]
[Date "1988.??.??"]
[Round "?.8"]
[White "Paulsen, D."]
[Black "Fischdick, G."]
[Result "1-0"]
[WhiteElo "2355"]
[BlackElo "2305"]
[PlyCount "97"]
[EventDate "1988.??.??"]

1. d4 Nf6 2. c4 g6 3. Nc3 Bg7 4. e4 d6 5. Nf3 O-O 6. Be2 Nbd7 7. O-O e5 8. Re1
Re8 9. Bf1 c6 10. Rb1 a5 11. b3 exd4 12. Nxd4 Nc5 13. f3 Qe7 14. Be3 Nfd7 15.
Qd2 Ne5 16. Rbd1 Bf8 17. Bg5 f6 18. Bh4 Nf7 19. Qc2 Bh6 20. a3 Ne5 21. Kh1 Bd7
22. Bg3 Bf8 23. h3 Kh8 24. Bh4 Qg7 25. f4 Nf7 26. Bf2 Nd8 27. Nf3 Be6 28. Bd4
Be7 29. g4 Nd7 30. Na4 h6 31. Bc3 g5 32. f5 Bg8 33. c5 Ne5 34. Nxe5 dxe5 35.
Nb6 Rb8 36. Bxa5 h5 37. Qh2 Bxc5 38. Nd7 Qe7 39. Nxb8 Bxb3 40. Rd7 Qf8 41. Rc7
Bd6 42. Rc8 Bxa3 43. h4 gxh4 44. Qxh4 Re7 45. g5 Bd6 46. g6 Bxb8 47. Rxb8 Rd7
48. Qxh5+ Kg8 49. Rd1 1-0

[Event "BL 8889 Kreuzberg-Solingen"]
[Site "?"]
[Date "1988.??.??"]
[Round "?.2"]
[White "Levitt, J."]
[Black "Lobron, E."]
[Result "1/2-1/2"]
[WhiteElo "2485"]
[BlackElo "2530"]
[PlyCount "39"]
[EventDate "1988.??.??"]

1. d4 d5 2. Nf3 Nf6 3. c4 e6 4. Nc3 Nbd7 5. Bg5 Be7 6. e3 O-O 7. Rc1 c6 8. Bd3
dxc4 9. Bxc4 Nd5 10. Bxe7 Qxe7 11. O-O Nxc3 12. Rxc3 e5 13. Qc2 exd4 14. exd4
Nb6 15. Bb3 Be6 16. Qe2 Rfe8 17. Re3 Nd5 18. Bxd5 cxd5 19. Rc1 Rac8 20. Qd2
1/2-1/2

[Event "BL 8889 Kreuzberg-Solingen"]
[Site "?"]
[Date "1988.??.??"]
[Round "?.3"]
[White "Lau, R."]
[Black "Loeffler, S."]
[Result "1-0"]
[WhiteElo "2495"]
[BlackElo "2375"]
[PlyCount "59"]
[EventDate "1988.??.??"]

1. e4 c5 2. Nf3 e6 3. d3 d5 4. Nbd2 g6 5. g3 Bg7 6. Bg2 Ne7 7. O-O O-O 8. Re1
Nbc6 9. h4 e5 10. exd5 Nxd5 11. c3 b6 12. Nc4 Re8 13. Qb3 Bb7 14. Ng5 Qd7 15.
Ne4 Re6 16. a4 Rd8 17. a5 Qc7 18. axb6 axb6 19. Bg5 Nce7 20. Ra7 f6 21. Rxb7
Qxb7 22. Nxc5 Qc6 23. Nxe6 Qxe6 24. Bd2 Nc8 25. d4 Nc7 26. dxe5 b5 27. exf6
bxc4 28. Qb7 Qf7 29. Bf4 Ne6 30. Rxe6 1-0

[Event "BL 8889 Kreuzberg-Solingen"]
[Site "?"]
[Date "1988.??.??"]
[Round "?.4"]
[White "Glienke, M."]
[Black "Schulte, O."]
[Result "1/2-1/2"]
[WhiteElo "2295"]
[BlackElo "2430"]
[PlyCount "112"]
[EventDate "1988.??.??"]

1. d4 Nf6 2. Nf3 c5 3. c3 e6 4. Bg5 h6 5. Bh4 b6 6. Nbd2 Ba6 7. e3 Bxf1 8. Nxf1
Be7 9. Bxf6 Bxf6 10. Ng3 O-O 11. O-O d5 12. Qe2 Nc6 13. Rad1 cxd4 14. Nxd4 Nxd4
15. cxd4 g6 16. Rc1 Qd7 17. Rc2 Rfc8 18. Rfc1 Qb7 19. Qd3 a6 20. Ne2 Kg7 21.
Rc3 b5 22. Qc2 Rc4 23. b3 Rxc3 24. Qxc3 a5 25. Nf4 b4 26. Qc7 Qxc7 27. Rxc7 Kf8
28. Kf1 a4 29. bxa4 Rxa4 30. Rc2 Ra3 31. Rb2 Be7 32. Ke2 Ke8 33. Nd3 Bd6 34. h3
Kd7 35. Rc2 b3 36. axb3 Rxb3 37. Rb2 Rxb2+ 38. Nxb2 h5 39. f3 Bc7 40. Nd3 Bg3
41. Kd2 Kc6 42. Ke2 Kd7 43. Nc5+ Kc6 44. Kd3 Bd6 45. Nb3 Bg3 46. Nc1 Bc7 47.
Ne2 Kd6 48. e4 Bd8 49. Nc3 Ba5 50. Nd1 Bd8 51. Nb2 Bg5 52. Na4 Bd8 53. Ke3 Bg5+
54. Kd3 Bd8 55. e5+ Kc6 56. g4 hxg4 1/2-1/2

[Event "BL 8889 Kreuzberg-Solingen"]
[Site "?"]
[Date "1988.??.??"]
[Round "?.5"]
[White "Zysk, R."]
[Black "Lehmann, K."]
[Result "1-0"]
[WhiteElo "2395"]
[BlackElo "2325"]
[PlyCount "121"]
[EventDate "1988.??.??"]

1. Nf3 Nf6 2. c4 b6 3. d4 e6 4. Nc3 Bb4 5. e3 O-O 6. Bd3 d5 7. O-O c5 8. cxd5
exd5 9. Qe2 Nc6 10. Ne5 Bb7 11. a3 Bxc3 12. Nxc6 Bxc6 13. bxc3 Qd7 14. dxc5
bxc5 15. c4 Rab8 16. cxd5 Qxd5 17. f3 Rfd8 18. Bc4 Qe5 19. Ra2 Nd5 20. Qf2 Bb5
21. Bxb5 Rxb5 22. Rd2 Rdb8 23. Rfd1 Nf6 24. Bb2 Qe7 25. e4 h6 26. a4 Rb3 27.
Bxf6 Qxf6 28. Qxc5 Qb6 29. Qxb6 axb6 30. Rd8+ Rxd8 31. Rxd8+ Kh7 32. Kf2 Rb4
33. Ra8 g5 34. g4 Kg6 35. Ra6 Kg7 36. Kg3 Rb3 37. h3 Kh7 38. Ra7 Kg6 39. Ra6
Kh7 40. a5 b5 41. Rb6 Kg7 42. Rb7 b4 43. e5 Kg6 44. h4 gxh4+ 45. Kxh4 Rxf3 46.
Rxb4 Ra3 47. Rb5 Kg7 48. g5 Ra4+ 49. Kh5 hxg5 50. Kxg5 Kf8 51. Kf5 Ke7 52. Rb7+
Kf8 53. Ra7 Ke8 54. Ra8+ Ke7 55. a6 Ra1 56. a7 Ra4 57. Kg5 Ra5 58. Kf4 Ra4+ 59.
Ke3 Ra6 60. Kd4 Ra5 61. e6 1-0

[Event "BL 8889 Kreuzberg-Solingen"]
[Site "?"]
[Date "1988.??.??"]
[Round "?.6"]
[White "Federau, J."]
[Black "Schneider, B1."]
[Result "0-1"]
[WhiteElo "2300"]
[BlackElo "2365"]
[PlyCount "70"]
[EventDate "1988.??.??"]

1. d4 g6 2. c4 Bg7 3. Nc3 d6 4. e4 e5 5. Nf3 exd4 6. Nxd4 Ne7 7. Be2 Nbc6 8.
Be3 O-O 9. O-O f5 10. Qd2 Kh8 11. Nxc6 Nxc6 12. Bg5 Qe8 13. exf5 Bxf5 14. Nd5
Qf7 15. Rae1 Rae8 16. b3 Nd4 17. Bd1 c6 18. Ne3 Bd7 19. Nc2 c5 20. Nxd4 cxd4
21. Rxe8 Rxe8 22. Qb4 Bc6 23. Qxd6 Be5 24. Qb4 Qf5 25. Qd2 d3 26. Bh6 Bd4 27.
h3 Be4 28. Bg4 Qf6 29. Kh1 Bc3 30. Qd1 g5 31. f3 Bg6 32. f4 d2 33. Bxg5 Qd4 34.
f5 Re1 35. fxg6 Qf2 0-1

[Event "BL 8889 Kreuzberg-Solingen"]
[Site "?"]
[Date "1988.??.??"]
[Round "?.7"]
[White "Kraut, R."]
[Black "Tyrtania, M."]
[Result "1-0"]
[WhiteElo "2390"]
[BlackElo "2300"]
[PlyCount "83"]
[EventDate "1988.??.??"]

1. e4 d6 2. d4 Nf6 3. Nc3 g6 4. Nf3 Bg7 5. h3 c5 6. d5 O-O 7. a4 Na6 8. Be2 Nc7
9. O-O a6 10. Re1 Rb8 11. Rb1 b5 12. axb5 axb5 13. b4 c4 14. Nd4 Qd7 15. Bf3 e6
16. Ra1 Bb7 17. Ra7 e5 18. Nde2 Na6 19. Be3 Ra8 20. Rxa8 Rxa8 21. Qb1 Ne8 22.
g4 f5 23. gxf5 gxf5 24. exf5 Qxf5 25. Bg4 Qg6 26. Ng3 Nac7 27. Nce4 h6 28. Bh5
Qh7 29. Bxe8 Nxe8 30. Qd1 Qg6 31. Nc3 Nf6 32. Qd2 h5 33. Bg5 Re8 34. Kh2 e4 35.
Bxf6 Bxf6 36. Ncxe4 Be5 37. f4 h4 38. Rg1 Bg7 39. Nh5 Qxg1+ 40. Kxg1 Rxe4 41.
Nxg7 Kxg7 42. Qg2+ 1-0

[Event "BL 8889 Bochum-München 36"]
[Site "?"]
[Date "1988.??.??"]
[Round "?.1"]
[White "Smejkal, J."]
[Black "Graf, J."]
[Result "1/2-1/2"]
[WhiteElo "2515"]
[BlackElo "2405"]
[PlyCount "105"]
[EventDate "1988.??.??"]

1. c4 Nf6 2. Nf3 g6 3. Nc3 Bg7 4. d4 O-O 5. g3 d6 6. Bg2 c6 7. O-O Bf5 8. Ne1
Qd7 9. e4 Bh3 10. Nf3 Bxg2 11. Kxg2 Na6 12. Qe2 Nc7 13. Rd1 b5 14. b3 Rab8 15.
e5 Ng4 16. Ne4 f6 17. exd6 exd6 18. Bf4 Rfe8 19. Qd3 g5 20. Bc1 h6 21. Ba3 b4
22. Bb2 f5 23. Ned2 Nf6 24. Re1 f4 25. Qg6 Qf7 26. Qxf7+ Kxf7 27. Kf1 g4 28.
Nh4 f3 29. Nf5 Bf8 30. h3 h5 31. hxg4 hxg4 32. Rxe8 Rxe8 33. Re1 Rxe1+ 34. Kxe1
Ke6 35. Ne3 Bh6 36. Ndf1 d5 37. a3 a5 38. axb4 axb4 39. Bc1 dxc4 40. bxc4 Nce8
41. Kd1 Nd6 42. d5+ cxd5 43. cxd5+ Kd7 44. Bb2 Nde4 45. Kc2 Bg5 46. Bxf6 Nxf6
47. Kb3 Kd6 48. Kxb4 Bxe3 49. Nxe3 Nxd5+ 50. Nxd5 Kxd5 51. Kc3 Kc5 52. Kd3 Kd5
53. Kc3 1/2-1/2

[Event "BL 8889 Bochum-München 36"]
[Site "?"]
[Date "1988.??.??"]
[Round "?.2"]
[White "Thesing, M."]
[Black "Nikolac, J."]
[Result "0-1"]
[WhiteElo "2345"]
[BlackElo "2495"]
[PlyCount "72"]
[EventDate "1988.??.??"]

1. e4 e5 2. Nf3 Nc6 3. Bc4 Bc5 4. c3 Nf6 5. d4 exd4 6. cxd4 Bb4+ 7. Bd2 Bxd2+
8. Nbxd2 d5 9. exd5 Nxd5 10. Qb3 Nce7 11. O-O O-O 12. Rfe1 c6 13. a4 a5 14. Ne5
Qb6 15. Qxb6 Nxb6 16. Bb3 Ned5 17. Ne4 Rd8 18. Rad1 Rb8 19. Nc5 Kf8 20. g3 Re8
21. Kg2 Re7 22. Ned3 Bf5 23. Rxe7 Nxe7 24. Ne5 f6 25. Ned3 Nbd5 26. Re1 b6 27.
Ne4 Rd8 28. Kf3 Nc7 29. g4 Be6 30. Bc2 Rxd4 31. Nf4 Ned5 32. Nxe6+ Nxe6 33. h4
Rb4 34. Bb1 Rb3+ 35. Kg2 Nef4+ 36. Kf1 Rxb2 0-1

[Event "BL 8889 Bochum-München 36"]
[Site "?"]
[Date "1988.??.??"]
[Round "?.3"]
[White "Bastian, H."]
[Black "Sonntag, H."]
[Result "1/2-1/2"]
[WhiteElo "2315"]
[BlackElo "2380"]
[PlyCount "40"]
[EventDate "1988.??.??"]

1. e4 e5 2. Nf3 Nc6 3. Bc4 Bc5 4. d3 Nf6 5. Nc3 h6 6. Be3 Bb6 7. Nd5 d6 8. Nxb6
axb6 9. Bb5 O-O 10. h3 Ne7 11. c3 Ng6 12. Ba4 d5 13. Bc2 dxe4 14. dxe4 Qe7 15.
Qc1 Be6 16. a3 Rfd8 17. O-O Nh5 18. Rd1 Nhf4 19. Rxd8+ Rxd8 20. Qf1 Qf6 1/2-1/2

[Event "BL 8889 Bochum-München 36"]
[Site "?"]
[Date "1988.??.??"]
[Round "?.4"]
[White "Beckemeyer, W."]
[Black "Eppinger, G."]
[Result "1-0"]
[WhiteElo "2380"]
[BlackElo "2300"]
[PlyCount "57"]
[EventDate "1988.??.??"]

1. e4 c5 2. Nf3 Nc6 3. d4 cxd4 4. Nxd4 Nf6 5. Nc3 d6 6. Bg5 e6 7. Qd2 Be7 8.
O-O-O O-O 9. f4 h6 10. Bh4 e5 11. Nf3 exf4 12. Qxf4 g5 13. Bxg5 hxg5 14. Qxg5+
Kh8 15. Qh6+ Nh7 16. h4 f6 17. Nd5 Be6 18. Nf4 Qd7 19. Ng5 fxg5 20. Nxe6 Rf7
21. hxg5 Nd8 22. Nf4 Rg7 23. Ng6+ Kg8 24. Bc4+ Nf7 25. Rdf1 d5 26. Bxd5 Bd8 27.
Rxf7 Qxf7 28. Bxf7+ Kxf7 29. Ne5+ 1-0

[Event "BL 8889 Bochum-München 36"]
[Site "?"]
[Date "1988.??.??"]
[Round "?.5"]
[White "Bartelborth, T."]
[Black "Vatter, H."]
[Result "1/2-1/2"]
[WhiteElo "2210"]
[BlackElo "2335"]
[PlyCount "75"]
[EventDate "1988.??.??"]

1. c4 Nf6 2. g3 g6 3. Bg2 Bg7 4. Nf3 O-O 5. O-O d6 6. Nc3 Nc6 7. Rb1 a5 8. a3
Nh5 9. d4 Bf5 10. e4 Bg4 11. Be3 Qc8 12. Qd2 f5 13. exf5 Bxf5 14. Rbe1 Bh3 15.
d5 Bxg2 16. Kxg2 Qg4 17. Qe2 Ne5 18. Nxe5 Qxe2 19. Rxe2 Bxe5 20. Ne4 c6 21. f4
Bh8 22. Rd1 cxd5 23. Rxd5 Rf5 24. Red2 Rxd5 25. Rxd5 Bxb2 26. a4 Nf6 27. Nxf6+
Bxf6 28. c5 dxc5 29. Rxc5 e6 30. Rc7 Rb8 31. Ba7 Rd8 32. Bb6 Rd2+ 33. Kh3 Ra2
34. Bxa5 Rxa4 35. Bb6 Rb4 36. Rxb7 Bd4 37. Rb8+ Kf7 38. Ba7 1/2-1/2

[Event "BL 8889 Bochum-München 36"]
[Site "?"]
[Date "1988.??.??"]
[Round "?.6"]
[White "Backwinkel, P."]
[Black "Goetz, R."]
[Result "1/2-1/2"]
[WhiteElo "2315"]
[BlackElo "2275"]
[PlyCount "45"]
[EventDate "1988.??.??"]

1. d4 Nf6 2. c3 e6 3. Bg5 h6 4. Bxf6 Qxf6 5. Nd2 g6 6. e4 d6 7. Ngf3 Nd7 8. Bd3
Bg7 9. O-O Qe7 10. Nc4 e5 11. dxe5 dxe5 12. b4 O-O 13. Qc2 Rd8 14. a4 Nf8 15.
a5 Bg4 16. Ne1 a6 17. Ne3 Be6 18. Nf3 Nh7 19. Rfd1 Ng5 20. Nxg5 Qxg5 21. c4 c6
22. c5 Rd4 23. Bc4 1/2-1/2

[Event "BL 8889 Bochum-München 36"]
[Site "?"]
[Date "1988.??.??"]
[Round "?.7"]
[White "Koepf, U."]
[Black "Ueter, H."]
[Result "1/2-1/2"]
[WhiteElo "2245"]
[BlackElo "2275"]
[PlyCount "111"]
[EventDate "1988.??.??"]

1. Nf3 g6 2. d4 Bg7 3. g3 c5 4. Bg2 cxd4 5. Nxd4 Nc6 6. Nb3 Nf6 7. Nc3 O-O 8.
O-O d6 9. h3 Bd7 10. Kh2 Rc8 11. Be3 Qc7 12. a4 b6 13. f4 a6 14. Bg1 Na5 15.
Nxa5 bxa5 16. Qd3 Rb8 17. Rab1 Bc8 18. e4 Bb7 19. Nd5 Bxd5 20. exd5 Rb4 21. c3
Rxa4 22. Qxa6 Rb8 23. Rfe1 Kf8 24. Bd4 Ne8 25. Bxg7+ Kxg7 26. b4 Qxc3 27. Rxe7
Ra3 28. Qa7 Qxg3+ 29. Kh1 Rc8 30. Rxf7+ Kg8 31. Rxh7 Qxf4 32. Re7 Rac3 33. Rbe1
Rc1 34. Qd7 Rxe1+ 35. Rxe1 Qf5 36. Rxe8+ Rxe8 37. Qxe8+ Kg7 38. Qe7+ Kh6 39.
Qe3+ Kg7 40. Qe7+ Kh6 41. Qe3+ Kg7 42. Qe6 Qb1+ 43. Kh2 Qxb4 44. Qd7+ Kf6 45.
Qd8+ Kf5 46. Qd7+ Kg5 47. Qe7+ Kf5 48. Qe6+ Kg5 49. Qe4 Qxe4 50. Bxe4 a4 51.
Bb1 Kf4 52. Kg2 Ke5 53. Ba2 Kd4 54. Kf3 Kc3 55. Kf4 Kb2 56. Bc4 1/2-1/2

[Event "BL 8889 Porz-Bayern"]
[Site "?"]
[Date "1988.??.??"]
[Round "?.1"]
[White "Huebner, R."]
[Black "Hort, V."]
[Result "1/2-1/2"]
[WhiteElo "2600"]
[BlackElo "2595"]
[PlyCount "108"]
[EventDate "1988.??.??"]

1. e4 Nf6 2. e5 Nd5 3. d4 d6 4. Nf3 c6 5. c4 Nc7 6. Be2 Bg4 7. Ng5 Bf5 8. Bg4
Bxg4 9. Qxg4 Qd7 10. h3 h6 11. exd6 exd6 12. Nf3 Nba6 13. Nc3 O-O-O 14. Qxd7+
Rxd7 15. Be3 g6 16. O-O-O Bg7 17. Rhe1 Re8 18. a3 Rde7 19. Kc2 d5 20. b3 Nb8
21. Kd3 Re6 22. Bf4 Rxe1 23. Rxe1 Rxe1 24. Nxe1 Ne6 25. Be3 dxc4+ 26. bxc4 Nd7
27. Nf3 b6 28. Ne4 Bf8 29. a4 Kc7 30. g4 a6 31. Nh4 b5 32. axb5 axb5 33. c5 Be7
34. Nf3 Bf8 35. Ne5 f5 36. gxf5 gxf5 37. Nd6 Nexc5+ 38. dxc5 Nxe5+ 39. Kc3 Bxd6
40. cxd6+ Kxd6 41. Bxh6 c5 42. h4 Ke6 43. Be3 Nd7 44. h5 Kf6 45. Kb3 Ke6 46.
Kc3 Ke5 47. h6 Kf6 48. Kb3 Kf7 49. Kc3 Kg6 50. Kb3 b4 51. Ka4 Kf7 52. Kb3 Kg6
53. Ka4 Nb6+ 54. Kb3 Nd5 1/2-1/2